Statistiques concernant Français nominés au Ballon d’or au XXIè siècle (2000-2023)

Cliquez ici pour prendre le quiz!

Statistiques générales

  • Ce quiz a été pris 283 fois
  • Le résultat moyen est 56 sur 66

Statistiques - réponses

RangAnnéeJoueur% Correct
18è2017Antoine Griezmann
100%
21è2023Antoine Griezmann
100%
2016Antoine Griezmann
100%
2018Antoine Griezmann
100%
18è2019Antoine Griezmann
100%
2019Kylian Mbappé
100%
2021Kylian Mbappé
100%
2023Kylian Mbappé
100%
2018Kylian Mbappé
100%
2017Kylian Mbappé
100%
2022Kylian Mbappé
100%
17è2018Karim Benzema
99%
25è2017Karim Benzema
99%
26è2019Karim Benzema
99%
1er2023Karim Benzema
99%
15è2011Karim Benzema
99%
20è2015Karim Benzema
99%
2021Karim Benzema
99%
16è2014Karim Benzema
99%
16è2023Karim Benzema
99%
21è2012Karim Benzema
99%
2006Zinédine Zidane
96%
2003Zinédine Zidane
96%
18è2005Zinédine Zidane
96%
2002Zinédine Zidane
96%
23è2004Zinédine Zidane
96%
16è2008Franck Ribéry
95%
13è2006Franck Ribéry
95%
17è2007Franck Ribéry
95%
2013Franck Ribéry
95%
28è2009Franck Ribéry
95%
19è2007Thierry Henry
94%
2001Thierry Henry
94%
2003Thierry Henry
94%
15è2009Thierry Henry
94%
2002Thierry Henry
94%
2005Thierry Henry
94%
2000Thierry Henry
94%
2006Thierry Henry
94%
2001Thierry Henry
94%
20è2016Hugo Lloris
90%
23è2019Hugo Lloris
90%
29è2018Hugo Lloris
90%
22è2014Paul Pogba
90%
15è2015Paul Pogba
90%
14è2016Paul Pogba
90%
15è2018Paul Pogba
90%
2018Raphaël Varane
90%
2021N’Golo Kanté
89%
2017N’Golo Kanté
89%
11è2018N’Golo Kanté
89%
22è2000David Trezeguet
66%
12è2001David Trezeguet
66%
15è2002Patrick Vieira
61%
14è2006Patrick Vieira
61%
12è2000Fabien Barthez
57%
17è2016Dimitri Payet
51%
24è2004Marcel Desailly
50%
13è2005Claude Makélélé
46%
28è2023Randal Kolo Muani
46%
25è2022Mike Maignan
44%
11è2001Bixente Lizarazu
43%
20è2009Yoann Gourcuff
32%
25è2022Christopher Nkunku
31%
11è2011Éric Abidal
30%
24è2004Ludovic Giuly
14%

Distribution des résultats

Percentile par nombre de réponses

% des personnes avec chaque résultat

Votre développement - résultats

Vous n’avez pas pris ce quiz